| 000 | 00806nam a22002057a 4500 | ||
|---|---|---|---|
| 999 |
_c14807 _d14807 |
||
| 003 | OSt | ||
| 005 | 20200107113747.0 | ||
| 008 | 200107b ||||| |||| 00| 0 eng d | ||
| 040 | _cUMDC | ||
| 082 |
_22019 _aUT 1370 _bAd19 |
||
| 100 |
_aTrishia Adanza _941014 |
||
| 245 |
_aDeveloping a decision support system for the academic planning of UM Digos Deans' office with enrollment forecasting using simple line regression: _cTrishia Adanza, Rafael Von G. Qiuto & Pauline Marie S. Pusta |
||
| 260 |
_aDigos City: _bUMDC _cApril 2019 |
||
| 300 |
_a51 pages; _c30 cm. |
||
| 650 |
_aInformation Technology _vInformation Technology _xUndergraduate thesis; _941015 |
||
| 700 |
_aAdanza ,Trishia _941016 |
||
| 700 |
_aQiuto, Rafael Von G. _941017 |
||
| 700 |
_aPusta, Pauline Marie S. _941018 |
||
| 942 |
_2ddc _cUT |
||